000 00782cam a2200241 a 4500
001 000015808
005 20200929164148.0
008 880607s1987 ck 001 0 spa d
020 _a9589164013
040 _aDO-SdBNP
_bspa
_cBNPHU
_dUIU
_dDLC
082 _a070.4
_bI68p
100 1 _aIriarte M., Fernando
_q(Iriarte Martinez)
_d1964-
_935569
245 1 3 _aEl periodista en Colombia :
_bderechos y responsabilidades /
_cFernando Iriarte.
260 _aBogotá :
_bArrayán,
_c1987.
300 _a100 p. ;
_c19 cm.
490 1 _aEl alacrán prensado
500 _aIncluye indice.
650 4 _aPeriodismo
_zColombia
_935567
650 4 _aPrensa
_xLegislación
_zColombia
_935570
830 0 _aEl alacrán prensado.
_935571
910 _aCatalogación por copia / LC
049 _aBNGR
999 _c15354
_d15354